| 000 | 00625nam a2200205 a 4500 | ||
|---|---|---|---|
| 005 | 20140310183427.0 | ||
| 008 | 071219s19uu xx uuu eng d | ||
| 020 | _a9780240809458 | ||
| 050 |
_aTR 899 _b.W65 2007 |
||
| 100 | _aWolsky, Tom | ||
| 245 |
_aFinal cut express HD 3.5 : _bediting workshop / _cTom Wolsky |
||
| 260 |
_aU.S.A : _bFocal Press, _c2007. |
||
| 300 |
_a350 p. : _bill. ; _c24 cm. |
||
| 521 | _aMA | ||
| 650 | _aFinal cut (Electronic resource). | ||
| 650 |
_aDigital video _xEditing _xData Processing. |
||
| 650 |
_aMotion pictures _xEditing _xData Processing. |
||
| 942 |
_cBK _2lcc _kFOR |
||
| 999 |
_c22663 _d22663 |
||